| 000 | 00751nam a2200277 a 4500 | ||
|---|---|---|---|
| 001 | 1611 | ||
| 003 | BD-RjUL | ||
| 005 | 20211208233354.0 | ||
| 008 | 150419s1969 enk b 001 0 eng | ||
| 020 | _a0198880448 | ||
| 035 | _a(BD-RjUL) | ||
| 040 |
_aDLC _cDLC _dDLC _beng |
||
| 041 | _aeng | ||
| 082 | 0 | 0 |
_a327 _bFRI |
| 100 | 1 |
_aFrankel, Joseph, _d1913- _9116587 |
|
| 245 | 1 | 0 |
_aInternational relations / _cJoseph Frankel |
| 250 | _a2nd ed. | ||
| 260 |
_aLondon ; _aNew York : _bOxford University Press, _cc1969. |
||
| 300 |
_axv, 175 p. ; _c21 cm. |
||
| 350 | _aunpriced | ||
| 504 | _aBibliography: p. [170]-172. | ||
| 650 | 0 |
_aInternational relations. _9116588 |
|
| 942 |
_2ddc _cBK _01 |
||
| 999 |
_c1611 _d1611 |
||